| Tag |
First Indicator |
Second Indicator |
Subfields |
| LEADER |
00000cam a2200000 4500 |
| 001 |
in00000081572 |
| 005 |
20151008053014.0 |
| 008 |
800515s1963 fr ac 00000 fre |
| 010 |
|
|
|a 64047036
|
| 035 |
|
|
|a (OCoLC)06318950
|
| 035 |
|
|
|9 AAH5821AM
|
| 040 |
|
|
|a DLC
|c TXA
|d UtOrBLW
|
| 049 |
|
|
|a TXAM
|c [455368]
|
| 050 |
|
0 |
|a TF71
|b .H5
|
| 092 |
|
|
|a 385
|b H673
|
| 245 |
0 |
0 |
|a Histoire des chemins de fer en France /
|c [Presentation par Louis Armand].
|
| 264 |
|
1 |
|a Paris :
|b Presses modernes,
|c [1963]
|
| 300 |
|
|
|a 415 pages :
|b illustrations (part mounted color) portraits ;
|c 29 cm.
|
| 336 |
|
|
|a text
|b txt
|2 rdacontent
|
| 337 |
|
|
|a unmediated
|b n
|2 rdamedia
|
| 338 |
|
|
|a volume
|b nc
|2 rdacarrier
|
| 500 |
|
|
|a "Hommage a la Societe nationale [des chemins de fer francais] dont le vingt-cinquieme anniversaire a ete fete cette annee."
|
| 500 |
|
|
|a "Documentation technique": xv p. inserted.
|
| 650 |
|
0 |
|a Railroads
|z France
|x History.
|
| 700 |
1 |
|
|a Armand, Louis,
|d 1905-1971.
|
| 710 |
2 |
|
|a Société nationale des chemins de fer français.
|
| 999 |
|
|
|a MARS
|
| 999 |
f |
f |
|s 88e1228b-32f0-376f-ac7c-b3c2b9247604
|i 0c59e0ba-408d-3c2d-bb83-6c68a144dafe
|t 0
|
| 952 |
f |
f |
|p ric
|a Texas A&M University
|b Rellis Campus
|c Joint Library Facility
|d Remote Storage
|t 0
|e TF71 .H5
|h Library of Congress classification
|i unmediated -- volume
|m A14800877909
|
| 998 |
f |
f |
|a TF71 .H5
|t 0
|l Remote Storage
|